[Event "Nancy Rapid op 22nd"]
[Site "Meurthe et Moselle"]
[Date "2024.02.18"]
[Round "3"]
[White "Mohammad, Samir"]
[Black "Ouaki, Mark"]
[Result "0-1"]
[WhiteElo "2299"]
[BlackElo "2092"]
[PlyCount "64"]
[EventDate "2024.02.18"]
[EventType "swiss (rapid)"]
[EventRounds "9"]
[EventCountry "FRA"]
[SourceTitle "CB08_2024"]
[SourceDate "2024.02.21"]
[SourceVersion "1"]
[SourceVersionDate "2024.02.21"]
[SourceQuality "1"]

1. d4 Nf6 2. c4 g6 3. Nc3 Bg7 4. e4 d6 5. f3 b6 6. Bg5 c5 7. d5 h6 8. Be3 Bd7 9. Qd2 Na6 10. Nge2 Nc7 11. Ng3 h5 12. Be2 a6 13. a4 h4 14. Nf1 Rb8 15. f4 b5 16. axb5 axb5 17. e5 b4 18. Nb5 Ne4 19. Nxc7+ Qxc7 20. Qc2 Bf5 21. Bd3 b3 22. Qb1 dxe5 23. Bxe4 exf4 24. Bc1 Qe5 25. Nd2 h3 26. 0-0 hxg2 27. Rf3 Bg4 28. Kxg2 Qg5 29. Kh1 Qh4 30. Nf1 Bxf3+ 31. Bxf3 Qf2 32. Qe4 Qxf1# 0-1

[Event "Oberliga Sued W 1920"]
[Site "Germany"]
[Date "2019.12.08"]
[Round "4.3"]
[White "Moeller, Jeremy"]
[Black "Mohammad, Samir"]
[Result "1/2-1/2"]
[WhiteElo "2033"]
[BlackElo "2301"]
[PlyCount "50"]
[EventDate "2019.09.29"]
[EventType "team-tourn"]
[EventRounds "9"]
[EventCountry "GER"]
[SourceTitle "EXT 2021"]
[Source "ChessBase"]
[SourceDate "2020.10.23"]
[SourceVersion "1"]
[SourceVersionDate "2020.10.23"]
[SourceQuality "1"]

1. e4 c5 2. Nf3 Nc6 3. c3 Nf6 4. e5 Nd5 5. g3 d6 6. exd6 Qxd6 7. Bg2 g6 8. 0-0 Bg7 9. Na3 a6 10. Nc4 Qd8 11. a4 0-0 12. Re1 Bg4 13. Qb3 Rb8 14. Qa3 Rc8 15. Qb3 Rc7 16. Nfe5 Nxe5 17. Nxe5 Be6 18. Nc4 Qd7 19. a5 Rd8 20. d3 Qb5 21. Qxb5 axb5 22. Nb6 Nxb6 23. axb6 Rcd7 24. Bf4 b4 25. Rac1 bxc3 1/2-1/2

[Event "Oberliga Sued W 1819"]
[Site "Germany"]
[Date "2019.02.24"]
[Round "7.2"]
[White "Neuberger, Guido"]
[Black "Mohammad, Samir"]
[Result "0-1"]
[WhiteElo "2261"]
[BlackElo "2304"]
[PlyCount "104"]
[EventDate "2018.10.21"]
[EventType "team-tourn"]
[EventRounds "9"]
[EventCountry "GER"]
[SourceTitle "EXT 2020"]
[Source "ChessBase"]
[SourceDate "2019.10.17"]
[SourceVersion "1"]
[SourceVersionDate "2019.10.17"]
[SourceQuality "1"]
[WhiteTeam "Frankenthal"]
[BlackTeam "Saarbruecken SVG"]
[WhiteTeamCountry "GER"]
[BlackTeamCountry "GER"]

1. d4 d6 2. Nf3 Nf6 3. Bf4 g6 4. e3 Bg7 5. Be2 0-0 6. 0-0 c5 7. dxc5 dxc5 8. Qxd8 Rxd8 9. Bc7 Rf8 10. Nc3 Nc6 11. h3 Bf5 12. Bd3 Rac8 13. Bxf5 Rxc7 14. Nb5 gxf5 15. Nxc7 a6 16. Rad1 e6 17. Rd6 Rc8 18. Nxe6 fxe6 19. Rxe6 Ne4 20. g4 Nd8 21. Rb6 fxg4 22. hxg4 Rc7 23. Rd1 Nc6 24. c3 Bf8 25. Rd5 h6 26. c4 Nf6 27. g5 Nxd5 28. cxd5 Ne7 29. e4 hxg5 30. Nxg5 Nc8 31. Rg6+ Rg7 32. Rxg7+ Bxg7 33. b3 b5 34. Kf1 Nd6 35. f3 c4 36. bxc4 bxc4 37. Ke2 Bf6 38. f4 Bxg5 39. fxg5 Nxe4 40. Ke3 Nd6 41. Kd4 Kg7 42. a4 Kg6 43. a5 Kxg5 44. Kc5 c3 45. Kxd6 c2 46. Kc7 c1Q+ 47. Kb7 Qc4 48. d6 Kf6 49. d7 Ke7 50. Ka7 Qb5 51. d8N Kxd8 52. Ka8 Kc8 0-1

[Event "Oberliga Sued W 1718"]
[Site "Germany"]
[Date "2017.12.10"]
[Round "6.1"]
[White "Frischmann, Rick"]
[Black "Mohammad, Samir"]
[Result "0-1"]
[WhiteElo "2306"]
[BlackElo "2352"]
[PlyCount "86"]
[EventDate "2017.09.10"]
[EventType "team-tourn"]
[EventRounds "11"]
[EventCountry "GER"]
[SourceTitle "EXT 2019"]
[Source "ChessBase"]
[SourceDate "2018.10.10"]
[SourceVersion "1"]
[SourceVersionDate "2018.10.10"]
[SourceQuality "1"]
[WhiteTeam "Schwarzenbach Caissa"]
[BlackTeam "Saarbruecken SVG"]
[WhiteTeamCountry "GER"]
[BlackTeamCountry "GER"]

1. e4 e5 2. Nf3 Nf6 3. d4 Nxe4 4. Bd3 d5 5. Nxe5 Nd7 6. Nxd7 Bxd7 7. 0-0 Bd6 8. c4 c6 9. cxd5 cxd5 10. Nc3 Nxc3 11. bxc3 0-0 12. Qh5 g6 13. Qxd5 Qc7 14. h3 Be6 15. Qf3 Qxc3 16. Bh6 Rfd8 17. Bg5 Re8 18. Bf6 Bf5 19. Rad1 Bxd3 20. Rxd3 Qc2 21. a3 Qe2 22. g4 Rac8 23. Rb1 b6 24. Kg2 h6 25. Rbb3 Rc2 26. h4 Re4 27. Qxe2 Rexe2 28. Rf3 Kf8 29. h5 g5 30. a4 Ra2 31. Rbc3 Rec2 32. a5 bxa5 33. Rxc2 Rxc2 34. Rf5 Bc7 35. Rc5 Rxc5 36. dxc5 a4 37. Kf3 a3 38. Ke4 Bf4 39. Kd3 Bc1 40. Kc2 Bb2 41. c6 Bxf6 42. c7 a2 43. c8Q+ Kg7 0-1

[Event "Oberliga Sued W 1617"]
[Site "Germany"]
[Date "2017.04.23"]
[Round "9.2"]
[White "Mohammad, Samir"]
[Black "Seidler, Lukas"]
[Result "1/2-1/2"]
[WhiteElo "2359"]
[BlackElo "2176"]
[PlyCount "86"]
[EventDate "2016.09.25"]
[EventType "team-tourn"]
[EventRounds "9"]
[EventCountry "GER"]
[SourceTitle "EXT 2018"]
[Source "ChessBase"]
[SourceDate "2017.10.13"]
[SourceVersion "1"]
[SourceVersionDate "2017.10.13"]
[SourceQuality "1"]
[WhiteTeam "Saarbruecken SVG"]
[BlackTeam "Schott Mainz"]
[WhiteTeamCountry "GER"]
[BlackTeamCountry "GER"]

1. c4 e5 2. Nc3 Nf6 3. Nf3 Nc6 4. g3 d5 5. cxd5 Nxd5 6. Bg2 Nb6 7. 0-0 Be7 8. a3 0-0 9. b4 Be6 10. d3 a5 11. b5 Nd4 12. Bb2 Nb3 13. Rb1 f6 14. Ne1 Rb8 15. Nc2 Qd7 16. a4 Rfd8 17. Ba3 Bxa3 18. Nxa3 Nd4 19. Rb2 Qf7 20. Qb1 Nd7 21. Nc4 Bxc4 22. dxc4 Ne6 23. Qa2 Ndc5 24. Ne4 Kh8 25. Nxc5 Nxc5 26. Bd5 Qe7 27. Qa3 b6 28. Ra2 Rd6 29. Qe3 Rf8 30. f4 Re8 31. f5 g5 32. Qf3 Qf8 33. e4 Qh6 34. Ra3 Re7 35. g4 Qf8 36. Qe2 h6 37. Rff3 Rh7 38. Rh3 Kg7 39. Rh5 Qe8 40. h4 Qh8 41. hxg5 fxg5 42. Rah3 Kf8 43. Qc2 Qf6 1/2-1/2

[Event "Oberliga Sued W 1617"]
[Site "Germany"]
[Date "2017.02.19"]
[Round "6.4"]
[White "Kaster, Martin"]
[Black "Mohammad, Samir"]
[Result "0-1"]
[WhiteElo "2116"]
[BlackElo "2359"]
[PlyCount "72"]
[EventDate "2016.09.25"]
[EventType "team-tourn"]
[EventRounds "9"]
[EventCountry "GER"]
[SourceTitle "EXT 2018"]
[Source "ChessBase"]
[SourceDate "2017.10.13"]
[SourceVersion "1"]
[SourceVersionDate "2017.10.13"]
[SourceQuality "1"]
[WhiteTeam "Altenkirchen"]
[BlackTeam "Saarbruecken SVG"]
[WhiteTeamCountry "GER"]
[BlackTeamCountry "GER"]

1. Nf3 Nf6 2. c4 e6 3. g3 b6 4. Bg2 Bb7 5. 0-0 c5 6. Nc3 Be7 7. Qc2 0-0 8. e4 d6 9. d4 cxd4 10. Nxd4 Qc8 11. b3 Nc6 12. Nde2 a6 13. Be3 Nd7 14. Rac1 Rb8 15. Rfd1 Ba8 16. Qd2 Nce5 17. h3 Rd8 18. Nd4 Nc5 19. Qe2 Qd7 20. f4 Ng6 21. e5 Qe8 22. exd6 Bxd6 23. Bxa8 Rxa8 24. Qf3 Rac8 25. Rd2 Bf8 26. Re1 Ne7 27. Red1 g6 28. b4 Na4 29. Ne4 Bg7 30. c5 bxc5 31. bxc5 Nxc5 32. Nxc5 Rxc5 33. Nxe6 Rxd2 34. Nxc5 Qc6 35. Qf1 Rxd1 36. Qxd1 Nd5 0-1

[Event "Oberliga Sued W 1617"]
[Site "Germany"]
[Date "2016.12.04"]
[Round "4.3"]
[White "Mohammad, Samir"]
[Black "Fritsche, Lutz"]
[Result "0-1"]
[WhiteElo "2359"]
[BlackElo "2327"]
[PlyCount "100"]
[EventDate "2016.09.25"]
[EventType "team-tourn"]
[EventRounds "9"]
[EventCountry "GER"]
[SourceTitle "EXT 2018"]
[Source "ChessBase"]
[SourceDate "2017.10.13"]
[SourceVersion "1"]
[SourceVersionDate "2017.10.13"]
[SourceQuality "1"]
[WhiteTeam "Saarbruecken SVG"]
[BlackTeam "Koblenz"]
[WhiteTeamCountry "GER"]
[BlackTeamCountry "GER"]

1. d4 Nf6 2. c4 e5 3. dxe5 Ng4 4. e3 Nxe5 5. Nh3 g6 6. Nf4 Bg7 7. Nc3 d6 8. Be2 a5 9. 0-0 Na6 10. e4 0-0 11. Be3 Re8 12. Nfd5 Nc5 13. Bxc5 dxc5 14. Nb5 c6 15. Ndc7 cxb5 16. Qxd8 Rxd8 17. Nxa8 Be6 18. Nb6 Rd2 19. Rfe1 bxc4 20. Na4 b5 21. Nxc5 Rxb2 22. Rab1 c3 23. Nxe6 fxe6 24. Bxb5 Rxa2 25. Re2 c2 26. Rc1 Rb2 27. f4 Ng4 28. Bd3 Bd4+ 29. Kf1 Be3 30. Rxe3 Nxe3+ 31. Kf2 Ng4+ 32. Kg3 h5 33. Rxc2 Rxc2 34. Bxc2 Kf7 35. h3 Ne3 36. Bb3 Nf1+ 37. Kf2 Nd2 38. Bc2 Nc4 39. Ke2 Ke7 40. Kd3 Nd6 41. Kd4 h4 42. Ba4 Nf7 43. e5 Nh6 44. Kc5 Nf5 45. Kb6 Ne3 46. Bc6 a4 47. Bxa4 Nxg2 48. Bb5 Nxf4 49. Bf1 g5 50. Kc5 g4 0-1

[Event "Oberliga Sued W 1617"]
[Site "Germany"]
[Date "2016.11.20"]
[Round "3.3"]
[White "Schulz, Klaus Juergen"]
[Black "Mohammad, Samir"]
[Result "1-0"]
[WhiteElo "2360"]
[BlackElo "2359"]
[PlyCount "57"]
[EventDate "2016.09.25"]
[EventType "team-tourn"]
[EventRounds "9"]
[EventCountry "GER"]
[SourceTitle "EXT 2018"]
[Source "ChessBase"]
[SourceDate "2017.10.13"]
[SourceVersion "1"]
[SourceVersionDate "2017.10.13"]
[SourceQuality "1"]
[WhiteTeam "Heimbach Weis/Neuwied"]
[BlackTeam "Saarbruecken SVG"]
[WhiteTeamCountry "GER"]
[BlackTeamCountry "GER"]

1. d4 Nf6 2. Nf3 d6 3. g3 g6 4. Bg2 Bg7 5. c4 0-0 6. 0-0 Nc6 7. Nc3 Bf5 8. Ne1 e5 9. d5 Na5 10. e4 Bd7 11. Qd3 b6 12. b4 Nb7 13. Bb2 c6 14. dxc6 Bxc6 15. Nc2 Ne8 16. Ne3 Nc7 17. Rfd1 Ne6 18. Nb5 Qd7 19. Bh3 Rfd8 20. Nd5 Bxb5 21. cxb5 Rac8 22. Rac1 Kf8 23. Qa3 Qxb5 24. Qxa7 Qe2 25. Qxb7 Rxc1 26. Rxc1 Qxb2 27. Rc8 Kg8 28. Rxd8+ Nxd8 29. Qc8 1-0

[Event "Abu Dhabi op 22nd"]
[Site "Abu Dhabi"]
[Date "2014.08.28"]
[Round "9"]
[White "Mohammad, Samir"]
[Black "Ankit, R Rajpara"]
[Result "0-1"]
[WhiteElo "2369"]
[BlackElo "2509"]
[PlyCount "96"]
[EventDate "2014.08.20"]
[EventType "swiss"]
[EventRounds "9"]
[EventCountry "UAE"]
[SourceTitle "CBM 162 Extra"]
[Source "ChessBase"]
[SourceDate "2014.10.17"]
[SourceVersion "1"]
[SourceVersionDate "2014.10.17"]
[SourceQuality "1"]

1. d4 d5 2. c4 c6 3. Nf3 Nf6 4. Nc3 dxc4 5. a4 e6 6. e3 c5 7. Bxc4 Nc6 8. 0-0 cxd4 9. exd4 Be7 10. Qe2 0-0 11. Rd1 Nd5 12. Bb3 Ncb4 13. Ne5 Bd7 14. Qg4 Nf6 15. Qg3 Bc6 16. Bh6 Ne8 17. Nxc6 bxc6 18. Bf4 Nd5 19. Be5 Qb6 20. Nxd5 cxd5 21. a5 Qb4 22. Ba4 Nf6 23. a6 Rac8 24. Qb3 Qxb3 25. Bxb3 Nd7 26. Ba4 Nxe5 27. dxe5 Rc4 28. Bb5 Rb4 29. Bd3 Bc5 30. b3 Rxb3 31. Rac1 Bb6 32. Rc2 Bd4 33. Re2 Rc8 34. g3 Bb6 35. Kg2 Rcc3 36. Red2 g5 37. Bf1 Bc7 38. f4 gxf4 39. gxf4 Rb4 40. Rd4 Rc2+ 41. Kg3 Rbb2 42. h3 Bb6 43. R4d3 h5 44. Kh4 Rf2 45. Kxh5 Rxf4 46. Rg3+ Kf8 47. Bd3 Rb3 48. Rc1 Bd8 0-1

[Event "Abu Dhabi op 22nd"]
[Site "Abu Dhabi"]
[Date "2014.08.27"]
[Round "8"]
[White "Hejazipour, Mitra"]
[Black "Mohammad, Samir"]
[Result "0-1"]
[WhiteElo "2269"]
[BlackElo "2369"]
[PlyCount "192"]
[EventDate "2014.08.20"]
[EventType "swiss"]
[EventRounds "9"]
[EventCountry "UAE"]
[SourceTitle "CBM 162 Extra"]
[Source "ChessBase"]
[SourceDate "2014.10.17"]
[SourceVersion "1"]
[SourceVersionDate "2014.10.17"]
[SourceQuality "1"]

1. d4 d6 2. Nf3 Nf6 3. c4 g6 4. g3 Bg7 5. Bg2 0-0 6. Nc3 Nc6 7. 0-0 a6 8. Bf4 Bf5 9. Qd2 Ne4 10. Nxe4 Bxe4 11. d5 Bxf3 12. Bxf3 Ne5 13. Bxe5 Bxe5 14. Rac1 b6 15. Bg2 a5 16. f4 Bg7 17. e4 Qd7 18. Rfe1 Rae8 19. e5 dxe5 20. fxe5 f6 21. e6 Qd6 22. Qf4 f5 23. Qxd6 cxd6 24. Re2 f4 25. Rf1 fxg3 26. hxg3 Be5 27. g4 Kg7 28. Rf7+ Rxf7 29. exf7 Kxf7 30. Rf2+ Kg7 31. Kf1 a4 32. Be4 Bd4 33. Rd2 Rf8+ 34. Ke2 Rf2+ 35. Kd3 Rxd2+ 36. Kxd2 Bxb2 37. Bc2 a3 38. Ke3 Kf6 39. Kf3 Ke5 40. Bb3 Bc1 41. Bc2 Bg5 42. Bb3 Kd4 43. Kg3 h5 44. gxh5 gxh5 45. Kf3 Bf6 46. Kg3 h4+ 47. Kh3 Kc5 48. Kg4 b5 49. cxb5 Kxb5 50. Kf5 Kc5 51. Ke4 h3 52. Bd1 Kc4 53. Be2+ Kc3 54. Bf1 h2 55. Bg2 Kd2 56. Kf3 Kd3 57. Kf2 Bh4+ 58. Kf3 Be1 59. Bh1 Bh4 60. Bg2 Bf6 61. Kf2 Bd4+ 62. Kf3 Bc5 63. Bh1 Kd2 64. Bg2 Bd4 65. Bh1 Ke1 66. Bg2 Bf2 67. Kg4 Ke2 68. Kh3 Bg1 69. Kg3 Ke3 70. Bh1 Kd3 71. Kf3 Bd4 72. Bg2 Kd2 73. Bh1 Ke1 74. Bg2 Be5 75. Ke3 Bf6 76. Kf3 Bh4 77. Ke3 Bg3 78. Kf3 Bf2 79. Kg4 Ke2 80. Kh3 Bg1 81. Kg3 Ke3 82. Bh1 Kd4 83. Kf4 Kc4 84. Bg2 Bf2 85. Kf5 Bg3 86. Ke4 e6 87. dxe6 d5+ 88. Ke3 d4+ 89. Kd2 Bf4+ 90. Kd1 Bg5 91. Kc2 d3+ 92. Kd1 Kc3 93. Bh1 Be7 94. Bg2 Bb4 95. Bh1 Kd4 96. Bg2 Ke5 0-1

[Event "Abu Dhabi op 22nd"]
[Site "Abu Dhabi"]
[Date "2014.08.21"]
[Round "2"]
[White "Ayyad, Maher"]
[Black "Mohammad, Samir"]
[Result "0-1"]
[WhiteElo "2147"]
[BlackElo "2369"]
[PlyCount "148"]
[EventDate "2014.08.20"]
[EventType "swiss"]
[EventRounds "9"]
[EventCountry "UAE"]
[SourceTitle "CBM 162 Extra"]
[Source "ChessBase"]
[SourceDate "2014.10.17"]
[SourceVersion "1"]
[SourceVersionDate "2014.10.17"]
[SourceQuality "1"]

1. d4 d6 2. Nf3 Nf6 3. c4 g6 4. Nc3 Bg7 5. g3 0-0 6. Bg2 Nc6 7. 0-0 a6 8. b3 Rb8 9. Bb2 b5 10. cxb5 axb5 11. Rc1 b4 12. Na4 Na7 13. Qc2 c6 14. e4 Ba6 15. Rfe1 Bb5 16. Nd2 Nd7 17. e5 Nb6 18. Nxb6 Rxb6 19. Nc4 Ra6 20. a4 bxa3 21. Nxa3 Rb6 22. Nxb5 Rxb5 23. Bxc6 Nxc6 24. Qxc6 Rxb3 25. Ba1 Rb6 26. Qc7 e6 27. Qxd8 Rxd8 28. Bc3 Rb5 29. Rb1 Rd5 30. f4 Bf8 31. Re2 Rc8 32. Ba1 Ra5 33. Kg2 h5 34. Rd1 d5 35. Bb2 Rc4 36. Kf2 Rb5 37. Rdd2 Kg7 38. Rc2 Ra4 39. Red2 Bb4 40. Bc3 Ra3 41. Bxb4 Rxb4 42. Rb2 Rc4 43. Ke2 Rcc3 44. Rdc2 Re3+ 45. Kf2 h4 46. Rb7 hxg3+ 47. hxg3 Rxg3 48. Rc6 Rgf3+ 49. Ke2 Rae3+ 50. Kd2 Re4 51. Rxe6 Rxd4+ 52. Kc2 Rdxf4 53. Ree7 Kh6 54. e6 fxe6 55. Rxe6 d4 56. Rbb6 Rc3+ 57. Kd2 Rf2+ 58. Ke1 Rg2 59. Kf1 Rg4 60. Rbd6 Rc2 61. Rd5 Rh4 62. Kg1 Rd2 63. Re8 Rf4 64. Rh8+ Kg7 65. Rhd8 Re4 66. Kf1 Kf6 67. R8d6+ Re6 68. Rd7 Re4 69. R7d6+ Kf7 70. Rd7+ Kf6 71. R7d6+ Kf7 72. Rd7+ Kf8 73. Rc7 Re7 74. Rc6 Ra7 0-1

[Event "Abu Dhabi op 22nd"]
[Site "Abu Dhabi"]
[Date "2014.08.20"]
[Round "1"]
[White "Mohammad, Samir"]
[Black "Kryvoruchko, Yuriy"]
[Result "0-1"]
[WhiteElo "2369"]
[BlackElo "2708"]
[PlyCount "60"]
[EventDate "2014.08.20"]
[EventType "swiss"]
[EventRounds "9"]
[EventCountry "UAE"]
[SourceTitle "CBM 162 Extra"]
[Source "ChessBase"]
[SourceDate "2014.10.17"]
[SourceVersion "1"]
[SourceVersionDate "2014.10.17"]
[SourceQuality "1"]

1. d4 Nf6 2. c4 e6 3. Nc3 Bb4 4. e3 0-0 5. Bd3 d5 6. Nf3 b6 7. 0-0 Bb7 8. Bd2 Bd6 9. Rc1 a6 10. Qc2 dxc4 11. Bxc4 Bxf3 12. gxf3 Nbd7 13. Ne4 Nd5 14. Bxd5 exd5 15. Nxd6 Qg5+ 16. Kh1 cxd6 17. Rg1 Qf6 18. Rg3 Qe6 19. Qc6 Nf6 20. Qxb6 Rab8 21. Qxa6 Rxb2 22. Be1 Rfb8 23. a4 g6 24. a5 Qf5 25. Qxd6 Nh5 26. Rg2 Rb1 27. Qc6 Rxc1 28. Qxc1 Rb1 29. Qc3 Qxf3 30. Qd2 Nf6 0-1

[Event "Istanbul op-A 10th"]
[Site "Istanbul"]
[Date "2011.09.17"]
[Round "7"]
[White "Mohammad, Samir"]
[Black "Erdogdu, Mert"]
[Result "1/2-1/2"]
[WhiteElo "2349"]
[BlackElo "2431"]
[PlyCount "114"]
[EventDate "2011.09.12"]
[EventType "swiss"]
[EventRounds "9"]
[EventCountry "TUR"]
[SourceTitle "CBM 144 Extra"]
[Source "ChessBase"]
[SourceDate "2011.10.28"]
[SourceVersion "1"]
[SourceVersionDate "2011.10.28"]
[SourceQuality "1"]

1. d4 Nf6 2. c4 g6 3. Nc3 d5 4. Nf3 Bg7 5. cxd5 Nxd5 6. e4 Nxc3 7. bxc3 c5 8. Be3 Qa5 9. Qd2 0-0 10. Rc1 cxd4 11. cxd4 Qxd2+ 12. Kxd2 Rd8 13. Ke1 e6 14. Bb5 a6 15. Ba4 b5 16. Bb3 Bb7 17. d5 exd5 18. Rc7 Rd7 19. Rxb7 Rxb7 20. Bxd5 Raa7 21. Ke2 Nd7 22. Rd1 Bf8 23. Bxb7 Rxb7 24. Rc1 a5 25. Rc8 a4 26. Ra8 f6 27. Nd4 Kf7 28. Ra5 b4 29. Rxa4 Nc5 30. Nc6 Nxa4 31. Nd8+ Ke8 32. Nxb7 Nc3+ 33. Kd3 Nxa2 34. Kc4 Nc3 35. f3 f5 36. exf5 gxf5 37. Nc5 Nd1 38. Bd4 Bxc5 39. Bxc5 Nb2+ 40. Kb3 Nd3 41. Bxb4 Ne5 42. Bd6 Nf7 43. Bf4 Ke7 44. Kc4 Ke6 45. Kd4 Nh8 46. g4 Ng6 47. Bg3 fxg4 48. fxg4 Ne7 49. Ke4 Kf7 50. h4 h5 51. gxh5 Kg7 52. Bf4 Ng8 53. Kf5 Nh6+ 54. Ke6 Ng4 55. Bg5 Nh6 56. Bf6+ Kh7 57. Bg5 Kg7 1/2-1/2

[Event "Beirut op 4th"]
[Site "Beirut"]
[Date "2011.05.17"]
[Round "5"]
[White "Mohannad, Farhan"]
[Black "Mohammad, Samir"]
[Result "1-0"]
[WhiteElo "2200"]
[BlackElo "2367"]
[PlyCount "39"]
[EventDate "2011.05.14"]
[EventType "swiss"]
[EventRounds "9"]
[EventCountry "LBN"]
[SourceTitle "CBM 142 Extra"]
[Source "ChessBase"]
[SourceDate "2011.06.27"]
[SourceVersion "1"]
[SourceVersionDate "2011.06.27"]
[SourceQuality "1"]

1. d4 d5 2. c4 c6 3. Nf3 Nf6 4. Nc3 a6 5. c5 Bg4 6. Ne5 Be6 7. Bf4 Nbd7 8. e3 g6 9. Be2 Bg7 10. h4 h5 11. Qb3 Ra7 12. 0-0 0-0 13. Qc2 Ne8 14. Nxd7 Bxd7 15. Na4 e5 16. dxe5 Qxh4 17. Nb6 Be6 18. Rad1 Nc7 19. Bd3 Re8 20. Bh2 1-0